000 00316nam a22001337a 4500
008 190205b xxu||||| |||| 00| 0 eng d
020 _a9780131190030
041 _aeng
080 _26th
_a510
100 _a36
101 _aMAT
245 _aIntermediate Algebra for College Students
_cAngel.A.R
942 _2udc
_cBK
999 _c53943
_d53943